[Event "FRA-chT"]
[Site "FRA"]
[Date "1998.02.08"]
[Round "3"]
[White "Blachier, Pierre"]
[Black "Rainfray, Arnaud"]
[Result "0-1"]
[WhiteElo "2145"]
[BlackElo "2270"]
[PlyCount "78"]
[EventDate "1998.02.06"]
[Source "ChesBase"]
[SourceDate "1998.07.07"]

1. e4 e5 2. Nf3 Nc6 3. Bb5 a6 4. Bxc6 dxc6 5. O-O Qd6 6. Na3 Be6 7. Qe2 f6 8.
Rd1 c5 9. c3 Bg4 10. d3 Ne7 11. Be3 Nc6 12. Nc2 Qe6 13. h3 Bh5 14. Rd2 O-O-O
15. Nce1 Rg8 16. g4 Be8 17. Nh2 g6 18. f3 f5 19. Qg2 h5 20. Nc2 f4 21. Bf2 Rg7
22. b3 Rgd7 23. Rad1 Qf6 24. g5 Qg7 25. h4 Kb8 26. Nf1 Bf7 27. Kh2 Na7 28. d4
Nb5 29. dxc5 Rxd2 30. Rxd2 Rxd2 31. Nxd2 Nxc3 32. Qf1 Be6 33. c6 Bc8 34. cxb7
Kxb7 35. Nc4 Qd7 36. Nxe5 Qd2 37. Ne1 Nd1 38. Kg1 Bh3 39. Nc4 Qxa2 0-1

[Event "FRA-chT"]
[Site "FRA"]
[Date "1998.02.08"]
[Round "3"]
[White "Borne, Niels"]
[Black "Lopez, Jorge"]
[Result "0-1"]
[WhiteElo "2305"]
[BlackElo "2195"]
[PlyCount "88"]
[EventDate "1998.02.06"]
[Source "ChesBase"]
[SourceDate "1998.07.07"]

1. d4 Nf6 2. c4 e6 3. Nf3 Bb4+ 4. Nbd2 b6 5. a3 Bxd2+ 6. Qxd2 Bb7 7. g3 O-O 8.
Bg2 d6 9. O-O Nbd7 10. b3 Qe7 11. Bb2 c5 12. Rad1 Rfd8 13. d5 Nf8 14. Nh4 Rab8
15. e4 b5 16. e5 dxe5 17. Bxe5 Ra8 18. Rfe1 Ng6 19. Nxg6 hxg6 20. Qg5 Rd7 21.
d6 Qd8 22. Bxb7 Rxb7 23. Bxf6 gxf6 24. Qxc5 Rc8 25. Qd4 bxc4 26. bxc4 Rd7 27.
c5 Qa5 28. Rc1 Qxa3 29. Rc4 Kg7 30. Re3 Qa6 31. Rf3 e5 32. Qh4 g5 33. Rg4 Rxd6
34. Rxg5+ fxg5 35. Qxg5+ Rg6 36. Qxe5+ Kg8 37. Rf4 Qe6 38. Qd4 Re8 39. Kg2 Qe5
40. Qc4 Ree6 41. c6 Qc7 42. Qb4 Qxc6+ 43. Kg1 a5 44. Qd2 Rd6 0-1

[Event "FRA-chT"]
[Site "FRA"]
[Date "1998.02.08"]
[Round "3"]
[White "Boudre, Jean Pierre"]
[Black "Mora, Virginie"]
[Result "1-0"]
[WhiteElo "2380"]
[BlackElo "2130"]
[PlyCount "35"]
[EventDate "1998.02.06"]
[Source "ChesBase"]
[SourceDate "1998.07.07"]

1. e4 c5 2. Nf3 d6 3. d4 cxd4 4. Nxd4 Nf6 5. Nc3 a6 6. f4 e6 7. Be3 Be7 8. Qf3
Qc7 9. O-O-O b5 10. Bxb5+ axb5 11. Ndxb5 Qa5 12. e5 Nd5 13. Rxd5 exd5 14. Nxd5
O-O 15. Nxe7+ Kh8 16. Nxd6 Be6 17. f5 Bxa2 18. f6 1-0

[Event "FRA-chT"]
[Site "FRA"]
[Date "1998.02.08"]
[Round "3"]
[White "Boyd, Stephen"]
[Black "De la Riva, Oscar"]
[Result "1/2-1/2"]
[WhiteElo "2355"]
[BlackElo "2495"]
[PlyCount "62"]
[EventDate "1998.02.06"]
[Source "ChesBase"]
[SourceDate "1998.07.07"]

1. g3 f5 2. d4 Nf6 3. Bg2 g6 4. Nf3 Bg7 5. O-O O-O 6. c4 d6 7. Nc3 Qe8 8. b3
Na6 9. Bb2 c6 10. Qd2 h6 11. d5 Bd7 12. Nd4 Nc5 13. Rab1 g5 14. b4 Nce4 15.
Nxe4 fxe4 16. Ne6 Bxe6 17. dxe6 Qg6 18. Qc2 Qf5 19. Bxf6 Rxf6 20. Bxe4 Qxe6 21.
b5 d5 22. Bg2 dxc4 23. bxc6 bxc6 24. Rb4 c3 25. Re4 Qf7 26. Qxc3 Rxf2 27. Rxf2
Bxc3 28. Rxf7 Kxf7 29. Rc4 Be5 30. Rxc6 Rd8 31. Be4 Rd6 1/2-1/2

[Event "FRA-chT"]
[Site "FRA"]
[Date "1998.02.08"]
[Round "3"]
[White "Bricard, Emmanuel"]
[Black "Magem Badals, Jorge"]
[Result "1/2-1/2"]
[WhiteElo "2450"]
[BlackElo "2535"]
[PlyCount "38"]
[EventDate "1998.02.06"]
[Source "ChesBase"]
[SourceDate "1998.07.07"]

1. c4 c5 2. Nf3 Nf6 3. b3 d5 4. cxd5 Nxd5 5. Bb2 Nc6 6. a3 Bg4 7. e3 e6 8. h3
Bh5 9. Nc3 Nf6 10. Bb5 Bd6 11. g4 Bg6 12. Nh4 Be5 13. Nxg6 hxg6 14. Bxc6+ bxc6
15. Qc2 Bxc3 16. Bxc3 Qd5 17. Ke2 Ne4 18. Raf1 Nxc3+ 19. Qxc3 O-O 1/2-1/2

[Event "FRA-chT"]
[Site "FRA"]
[Date "1998.02.08"]
[Round "3"]
[White "Brossard, Armel"]
[Black "Vaisman, Volodia"]
[Result "1/2-1/2"]
[WhiteElo "2210"]
[BlackElo "2385"]
[PlyCount "105"]
[EventDate "1998.02.06"]
[Source "ChesBase"]
[SourceDate "1998.07.07"]

1. e4 e6 2. d4 c5 3. d5 exd5 4. exd5 d6 5. c4 Nf6 6. Nc3 Be7 7. Bd3 O-O 8. Nge2
Nbd7 9. b3 a6 10. f4 Ne8 11. O-O Bf6 12. Qc2 g6 13. Bd2 Bg7 14. Rab1 Ndf6 15.
a3 b5 16. h3 Nc7 17. a4 b4 18. Ne4 Nxe4 19. Bxe4 f5 20. Bd3 Ne8 21. Rbe1 Ra7
22. Kh2 Nf6 23. Ng1 Re8 24. Nf3 Rae7 25. Rxe7 Rxe7 26. Re1 Qe8 27. Rxe7 Qxe7
28. Qd1 Nh5 29. Qe2 Qxe2 30. Bxe2 Bh6 31. g3 Nf6 32. Bd3 a5 33. Bc1 Ne8 34. Bb2
Bg7 35. Bxg7 Kxg7 36. Kg2 Kf6 37. Nd2 Ke7 38. Kf3 Nf6 39. Ke3 h6 40. Kf3 Bd7
41. Ke3 Nh5 42. Kf3 g5 43. h4 gxh4 44. gxh4 Kf6 45. Nf1 Be8 46. Be2 Ng7 47. Ke3
Bh5 48. Bxh5 Nxh5 49. Kf3 Kg6 50. Ng3 Nf6 51. h5+ Nxh5 52. Nxh5 Kxh5 53. Kg3
1/2-1/2

[Event "FRA-chT"]
[Site "FRA"]
[Date "1998.02.08"]
[Round "3"]
[White "Buchy, Daniel"]
[Black "Bellon Lopez, Juan Manuel"]
[Result "0-1"]
[WhiteElo "2215"]
[BlackElo "2455"]
[PlyCount "92"]
[EventDate "1998.02.06"]
[Source "ChesBase"]
[SourceDate "1998.07.07"]

1. f4 d5 2. Nf3 g6 3. e3 Bg7 4. d4 Nh6 5. Bd3 Bf5 6. O-O O-O 7. Be2 a5 8. c3 c6
9. h3 b6 10. Nbd2 Qc7 11. g4 Bc8 12. Qe1 f6 13. e4 Nf7 14. f5 gxf5 15. exf5 Bh6
16. Nb3 Kh8 17. Bxh6 Nxh6 18. Kh1 Rg8 19. Rg1 Qf4 20. Qd2 Qxd2 21. Nbxd2 Nf7
22. Bd3 Nd6 23. Rae1 Ra7 24. Re2 c5 25. Rge1 Nc6 26. dxc5 bxc5 27. Kh2 a4 28.
c4 Ba6 29. b3 Rb8 30. Re6 dxc4 31. Bxc4 Bxc4 32. Nxc4 axb3 33. axb3 Rxb3 34.
Nxd6 Ra2+ 35. Kg1 Rxf3 36. Nf7+ Kg7 37. Rxc6 Rg3+ 38. Kf1 Rxh3 39. Kg1 Rg3+ 40.
Kf1 Rf3+ 41. Kg1 Kxf7 42. Rc7 Kg7 43. Rexe7+ Kh6 44. Rg7 Rc3 45. g5+ Kh5 46.
Rxh7+ Kg4 0-1

[Event "FRA-chT"]
[Site "FRA"]
[Date "1998.02.08"]
[Round "3"]
[White "Chabanon, Jean Luc"]
[Black "Pira, Davoud"]
[Result "1/2-1/2"]
[WhiteElo "2465"]
[BlackElo "2340"]
[PlyCount "123"]
[EventDate "1998.02.06"]
[Source "ChesBase"]
[SourceDate "1998.07.07"]

1. d4 Nf6 2. Nf3 e6 3. c4 b6 4. Nc3 Bb4 5. Bg5 Bb7 6. e3 h6 7. Bh4 g5 8. Bg3
Ne4 9. Qc2 Bxc3+ 10. bxc3 d6 11. Bd3 Nxg3 12. fxg3 Nd7 13. O-O O-O 14. e4 Qe7
15. a4 a5 16. Rae1 e5 17. c5 bxc5 18. Bc4 Nb6 19. Ba2 Bc6 20. dxe5 dxe5 21. Bd5
Bxa4 22. Qc1 c6 23. Ba2 Bb5 24. c4 Ba6 25. Qb2 Nd7 26. Re3 Rfb8 27. Qd2 Nf8 28.
h4 Rd8 29. Qe2 Bc8 30. Nh2 gxh4 31. Qh5 Rd6 32. Ref3 hxg3 33. Rxf7 gxh2+ 34.
Kxh2 Bg4 35. Qxg4+ Qg5 36. Qh3 Ng6 37. R7f5 Qh4 38. Qxh4 Nxh4 39. Rxe5 Rd2 40.
Bb3 Rb8 41. Bd1 Nxg2 42. Rg1 Kh8 43. Rxg2 Rxd1 44. Re6 Kh7 45. Rxc6 Rb7 46.
Rxc5 Ra7 47. Rc6 Re1 48. Rgg6 Rxe4 49. Rxh6+ Kg7 50. Rcg6+ Kf7 51. Rg3 Ree7 52.
Kg2 Ke8 53. Rg8+ Kd7 54. Kf3 a4 55. Rgg6 a3 56. Ra6 Kc8 57. Rxa7 Rxa7 58. Rh1
Kc7 59. Ke3 Kc6 60. Kd3 a2 61. Ra1 Kc5 62. Kc3 1/2-1/2

[Event "FRA-chT"]
[Site "FRA"]
[Date "1998.02.08"]
[Round "3"]
[White "Cramling, Pia"]
[Black "Giffard, Nicolas"]
[Result "1-0"]
[WhiteElo "2535"]
[BlackElo "2395"]
[PlyCount "87"]
[EventDate "1998.02.06"]
[Source "ChesBase"]
[SourceDate "1998.07.07"]

1. d4 Nf6 2. c4 d6 3. Nf3 g6 4. Nc3 Bg7 5. e4 O-O 6. h3 c6 7. Be3 a6 8. Be2 b5
9. a3 bxc4 10. Bxc4 d5 11. Bd3 dxe4 12. Nxe4 Nd5 13. O-O Nxe3 14. fxe3 Nd7 15.
Qc2 Qb6 16. Rf2 a5 17. Bc4 Ba6 18. Ba2 Bh6 19. Re1 Rad8 20. Nfg5 Nf6 21. Nxf6+
exf6 22. Nxf7 Rxf7 23. Rxf6 Rdf8 24. Rxc6 Qa7 25. Rc7 Qb6 26. Rc6 Qa7 27. Qc3
Bb5 28. Rc7 Qa6 29. Bxf7+ Rxf7 30. Rxf7 Kxf7 31. Qc7+ Kg8 32. Qd8+ Bf8 33. Qd5+
Kg7 34. Rc1 Bd6 35. e4 Bf4 36. Rc3 Bd2 37. Qe5+ Kh6 38. Rc7 Be3+ 39. Kh2 Bc6
40. Qg7+ Kh5 41. Qe5+ Kh6 42. Qg7+ Kh5 43. Qf6 Qe2 44. Rxh7+ 1-0

[Event "FRA-chT"]
[Site "FRA"]
[Date "1998.02.08"]
[Round "3"]
[White "De Sousa, Jose"]
[Black "Flouzat, Jean Marc"]
[Result "1-0"]
[WhiteElo "2230"]
[BlackElo "2225"]
[PlyCount "91"]
[EventDate "1998.02.06"]
[Source "ChesBase"]
[SourceDate "1998.07.07"]

1. e4 c6 2. d4 d5 3. exd5 cxd5 4. c4 Nf6 5. Nc3 g6 6. cxd5 Bg7 7. Qb3 O-O 8. g3
e6 9. Bg2 Nxd5 10. Nge2 Nc6 11. O-O Nde7 12. Rd1 Qb6 13. Qxb6 axb6 14. Bf4 Ra6
15. Be4 Bd7 16. Bd6 Rc8 17. Bxe7 Nxe7 18. Bxb7 Raa8 19. Bxc8 Rxc8 20. Rac1 Bc6
21. b3 Rd8 22. Rd3 h5 23. h4 b5 24. a4 bxa4 25. bxa4 Nf5 26. Rcd1 Ra8 27. Ra1
Rd8 28. Rad1 Ra8 29. Ra1 Rd8 30. Nb5 Ra8 31. Rc1 Be4 32. Ra3 Bf8 33. Raa1 Bg7
34. Ra3 Bf8 35. Ra2 Bf3 36. Kf1 Bg7 37. a5 Rb8 38. Nbc3 Nxd4 39. Nxd4 Bxd4 40.
Ne2 Ba7 41. Ke1 Bd5 42. Rac2 Rb5 43. Ra1 Bc5 44. a6 Bb4+ 45. Kf1 Rb8 46. Rb2
1-0

[Event "FRA-chT"]
[Site "FRA"]
[Date "1998.02.08"]
[Round "3"]
[White "Degraeve, Jean Marc"]
[Black "Rechlis, Gad"]
[Result "1-0"]
[WhiteElo "2525"]
[BlackElo "2520"]
[PlyCount "77"]
[EventDate "1998.02.06"]
[Source "ChesBase"]
[SourceDate "1998.07.07"]

1. e4 c5 2. Nf3 e6 3. c3 Nf6 4. e5 Nd5 5. Bc4 Nc6 6. O-O Be7 7. d4 cxd4 8. cxd4
d6 9. Qe2 O-O 10. Nc3 dxe5 11. dxe5 Nxc3 12. bxc3 b6 13. Qe4 Qc7 14. Re1 Bb7
15. Bd3 g6 16. Qg4 Rfd8 17. Be4 Nxe5 18. Nxe5 Qxe5 19. Bf4 Qxe4 20. Rxe4 Bxe4
21. Bc7 f5 22. Qe2 Rd7 23. f3 Rxc7 24. fxe4 Rxc3 25. exf5 Re3 26. Qc4 gxf5 27.
Rd1 Kf7 28. Rd2 Rd8 29. Rxd8 Bxd8 30. Qd4 Be7 31. Qh8 Bc5 32. Qxh7+ Kf6 33. Kf1
a5 34. h4 Re4 35. h5 Rf4+ 36. Ke1 Re4+ 37. Kd1 Rg4 38. h6 Bd4 39. Kd2 1-0

[Event "FRA-chT"]
[Site "FRA"]
[Date "1998.02.08"]
[Round "3"]
[White "Delebarre, Xavier"]
[Black "Miralles, Gilles"]
[Result "0-1"]
[WhiteElo "2270"]
[BlackElo "2520"]
[PlyCount "42"]
[EventDate "1998.02.06"]
[Source "ChesBase"]
[SourceDate "1998.07.07"]

1. h3 e5 2. e4 Nf6 3. Nc3 Bb4 4. Qf3 O-O 5. Nge2 d5 6. Nxd5 Nxd5 7. exd5 c6 8.
c3 Ba5 9. d4 cxd5 10. dxe5 d4 11. b4 Bb6 12. Bb2 Nc6 13. Nxd4 Nxe5 14. Qe4 Nc6
15. O-O-O Bxd4 16. cxd4 Re8 17. Qf4 Qd5 18. Qf3 Qg5+ 19. Kb1 Bf5+ 20. Bd3 Bxd3+
21. Qxd3 Nxb4 0-1

[Event "FRA-chT"]
[Site "FRA"]
[Date "1998.02.08"]
[Round "3"]
[White "Dieu, Bruno"]
[Black "Prie, Eric"]
[Result "0-1"]
[WhiteElo "2275"]
[BlackElo "2470"]
[PlyCount "163"]
[EventDate "1998.02.06"]
[Source "ChesBase"]
[SourceDate "1998.07.07"]

1. Nc3 d5 2. e3 Nf6 3. Nf3 Bg4 4. h3 Bh5 5. d4 e6 6. Bd3 Be7 7. b3 c5 8. dxc5
Nbd7 9. O-O Nxc5 10. Be2 O-O 11. Bb2 Qb6 12. Ne5 Bg6 13. Nxg6 hxg6 14. Qd4 Rac8
15. Rac1 Ncd7 16. Qxb6 Nxb6 17. Rfd1 Nfd7 18. Nb5 a6 19. Nd4 Rc7 20. c4 dxc4
21. bxc4 Rfc8 22. Nb3 Na4 23. Bd4 Bf6 24. Rd2 Kf8 25. Rdc2 Be7 26. Rb1 b5 27.
Nd2 e5 28. Ba1 Nab6 29. Nf3 Nxc4 30. Bxc4 Rxc4 31. Rxc4 Rxc4 32. Nxe5 Nxe5 33.
Bxe5 Ra4 34. Rb2 Bf6 35. Bxf6 gxf6 36. Kf1 Ke7 37. Rd2 Rc4 38. Ke2 Rc3 39. g4
g5 40. Kf3 Ke6 41. Ke4 Rc4+ 42. Kf3 b4 43. Kg3 a5 44. f3 a4 45. Rd8 Rc2 46. Rb8
Rb2 47. Rb5 Kd6 48. f4 Kc6 49. Rb8 Kc5 50. Rc8+ Kd5 51. Rd8+ Kc4 52. Rc8+ Kd3
53. Rb8 Kxe3 54. f5 Kd3 55. Rb6 Kc4 56. Rxf6 Rxa2 57. Rxf7 Ra3+ 58. Kg2 Rd3 59.
Rc7+ Kb5 60. Rb7+ Kc5 61. f6 Rd2+ 62. Kg3 Rd8 63. h4 gxh4+ 64. Kxh4 a3 65. Ra7
Rb8 66. f7 Rf8 67. g5 Rxf7 68. Rxf7 a2 69. Rf1 b3 70. g6 b2 71. g7 a1=Q 72.
g8=Q Qxf1 73. Qc8+ Kb4 74. Qb8+ Qb5 75. Qd6+ Ka4 76. Qd1+ Ka3 77. Qb1 Qc4+ 78.
Kh5 Qd5+ 79. Kh6 Kb3 80. Kg7 Qg2+ 81. Kf6 Qc2 82. Qf1 0-1

[Event "FRA-chT"]
[Site "FRA"]
[Date "1998.02.08"]
[Round "3"]
[White "Dorfman, Josif D"]
[Black "Gachon, Lionel"]
[Result "1-0"]
[WhiteElo "2600"]
[BlackElo "2315"]
[PlyCount "97"]
[EventDate "1998.02.06"]
[Source "ChesBase"]
[SourceDate "1998.07.07"]

1. d4 Nf6 2. c4 g6 3. g3 Bg7 4. Bg2 O-O 5. Nf3 d6 6. O-O Nbd7 7. Nc3 e5 8. e4
exd4 9. Nxd4 Re8 10. h3 a6 11. Re1 Rb8 12. Rb1 c5 13. Nc2 b5 14. cxb5 axb5 15.
b4 c4 16. Nd4 Ne5 17. Ndxb5 Nd3 18. Re2 Bb7 19. a4 d5 20. Bg5 d4 21. Nd5 Bxd5
22. exd5 Rxe2 23. Qxe2 h6 24. Bxf6 Bxf6 25. Be4 Rxb5 26. axb5 Ne5 27. Kg2 d3
28. Qe3 Nd7 29. d6 Qb6 30. Qxb6 Nxb6 31. Rd1 Kf8 32. Kf3 Be5 33. Bxd3 cxd3 34.
Rxd3 Ke8 35. Ke4 Bb2 36. Rb3 f5+ 37. Kd3 Be5 38. Ra3 Bxd6 39. Ra7 Bxb4 40. Rg7
g5 41. Rg6 Bc5 42. f3 Nd7 43. Rxh6 Ne5+ 44. Ke2 Kf7 45. b6 Ng6 46. Rh7+ Ke6 47.
Rg7 Kf6 48. Rc7 Bd6 49. Rc6 1-0

[Event "FRA-chT"]
[Site "FRA"]
[Date "1998.02.08"]
[Round "3"]
[White "Duquesnoy, Jean Philip"]
[Black "Palac, Mladen"]
[Result "0-1"]
[WhiteElo "2240"]
[BlackElo "2545"]
[PlyCount "80"]
[EventDate "1998.02.06"]
[Source "ChesBase"]
[SourceDate "1998.07.07"]

1. d4 Nf6 2. c4 e6 3. g3 c5 4. Nf3 cxd4 5. Nxd4 d5 6. Bg2 e5 7. Nf3 d4 8. O-O
Nc6 9. e3 Be7 10. exd4 exd4 11. Nbd2 Be6 12. a3 a5 13. b3 O-O 14. h3 Nd7 15.
Ne1 Nc5 16. f4 Qd7 17. Kh2 Rab8 18. Ne4 Nxe4 19. Bxe4 Bf5 20. Bg2 Qd6 21. Nd3
b5 22. g4 Be6 23. c5 Qd7 24. f5 Bd5 25. b4 Bc4 26. Bf4 Rbc8 27. Rb1 axb4 28.
axb4 Bd8 29. Be4 Bc7 30. Qf3 Bxf4+ 31. Qxf4 f6 32. Bxc6 Qxc6 33. Qf3 Bd5 34.
Qg3 Ra8 35. Ra1 Rfe8 36. Rxa8 Rxa8 37. Qf4 Bc4 38. Qxd4 Qc7+ 39. Kg2 Rd8 40.
Qf4 Qc6+ 0-1

[Event "FRA-chT"]
[Site "FRA"]
[Date "1998.02.08"]
[Round "3"]
[White "Ekstroem, Roland"]
[Black "Kallai, Gabor"]
[Result "1/2-1/2"]
[WhiteElo "2490"]
[BlackElo "2470"]
[PlyCount "34"]
[EventDate "1998.02.06"]
[Source "ChesBase"]
[SourceDate "1998.07.07"]

1. e4 c6 2. d4 d5 3. exd5 cxd5 4. c4 dxc4 5. Bxc4 Qc7 6. Be2 Nf6 7. Nc3 e6 8.
Nf3 Nc6 9. O-O Be7 10. Nb5 Qd8 11. Bf4 Nd5 12. Bg3 a6 13. Nc3 O-O 14. Qb3 Na5
15. Qc2 Nxc3 16. Qxc3 Nc6 17. Rfd1 Bd7 1/2-1/2

[Event "FRA-chT"]
[Site "FRA"]
[Date "1998.02.08"]
[Round "3"]
[White "Fressinet, Laurent"]
[Black "Salaun, Yann"]
[Result "1/2-1/2"]
[WhiteElo "2450"]
[BlackElo "2360"]
[PlyCount "135"]
[EventDate "1998.02.06"]
[Source "ChesBase"]
[SourceDate "1998.07.07"]

1. e4 e6 2. d4 d5 3. e5 c5 4. c3 Nc6 5. Nf3 Nge7 6. a3 Nf5 7. b4 cxd4 8. cxd4
Bd7 9. Bb2 Be7 10. Bd3 Qb6 11. O-O g5 12. Bxf5 exf5 13. Nc3 Be6 14. Na4 Qd8 15.
Nc5 g4 16. Ne1 b6 17. Nxe6 fxe6 18. Nd3 Bg5 19. f4 Be7 20. Rc1 Qd7 21. Qc2 Nd8
22. a4 Nb7 23. Rf2 Kf7 24. Qc7 Rhd8 25. Rfc2 Ke8 26. Qxd7+ Rxd7 27. Kf2 a5 28.
b5 Nd8 29. Ke3 h5 30. h3 Raa7 31. Rc3 Rdb7 32. Ba3 Bxa3 33. Rxa3 Rc7 34. Rac3
Rxc3 35. Rxc3 gxh3 36. gxh3 Rg7 37. Kf2 Kd7 38. Ne1 Ke8 39. Nf3 Kd7 40. Ng5 h4
41. Rc1 Rg8 42. Rc2 Rg7 43. Rc3 Re7 44. Nf3 Rh7 45. Rc1 Ke8 46. Ng5 Re7 47. Ke3
Kd7 48. Nf3 Ke8 49. Rg1 Kf8 50. Rg6 Kf7 51. Rf6+ Kg7 52. Nxh4 Rc7 53. Nf3 Rf7
54. h4 Rxf6 55. exf6+ Kxf6 56. Ne5 Nf7 57. Nd7+ Ke7 58. Nxb6 Kd8 59. Na8 Kc8
60. b6 Kb7 61. Nc7 Nd8 62. h5 Kxb6 63. Ne8 Kc6 64. h6 Kd7 65. Ng7 Ke7 66. h7
Nf7 67. Nh5 Kf8 68. Kf3 1/2-1/2

[Event "FRA-chT"]
[Site "FRA"]
[Date "1998.02.08"]
[Round "3"]
[White "Hamdouchi, Hichem"]
[Black "Stromer, Alexander"]
[Result "1-0"]
[WhiteElo "2535"]
[BlackElo "2300"]
[PlyCount "79"]
[EventDate "1998.02.06"]
[Source "ChesBase"]
[SourceDate "1998.07.07"]

1. e4 Nc6 2. Nf3 Nf6 3. e5 Ng4 4. d4 d6 5. h3 Nh6 6. Nc3 dxe5 7. d5 Nb8 8. Nxe5
Nf5 9. Qf3 g6 10. g4 Bg7 11. Bb5+ Kf8 12. Bf4 Nd4 13. Qe4 Nxb5 14. Nxb5 Na6 15.
O-O-O Qe8 16. Qc4 f6 17. Nf3 c6 18. dxc6 e5 19. cxb7 Bxb7 20. Nd6 Qe7 21. Nxb7
Qxb7 22. Be3 Rc8 23. Qe6 Re8 24. Qd5 Re7 25. Qxb7 Rxb7 26. Rd5 Nb8 27. g5 e4
28. Nd4 Kf7 29. gxf6 Bxf6 30. Rd1 a6 31. Nb3 Re8 32. c3 Rb5 33. Rxb5 axb5 34.
Rd5 b4 35. cxb4 Nc6 36. Rd7+ Ke6 37. Nc5+ Kf5 38. b5 Ne5 39. Rd5 Rc8 40. b6 1-0

[Event "FRA-chT"]
[Site "FRA"]
[Date "1998.02.08"]
[Round "3"]
[White "Harovelo, Ingmar"]
[Black "Muller, Anne"]
[Result "1-0"]
[WhiteElo "2285"]
[BlackElo "2115"]
[PlyCount "101"]
[EventDate "1998.02.06"]
[Source "ChesBase"]
[SourceDate "1998.07.07"]

1. d4 Nf6 2. g3 d5 3. Bg2 c6 4. Nf3 Bg4 5. Ne5 Bf5 6. c4 e6 7. O-O Nbd7 8. Nc3
Be7 9. Bf4 O-O 10. Qb3 Qb6 11. Nxd7 Nxd7 12. e4 dxe4 13. Nxe4 Bxe4 14. Bxe4 Nf6
15. Qxb6 axb6 16. Bf3 Rfd8 17. Rfd1 Rd7 18. Be3 g6 19. a3 Bf8 20. Rac1 Bg7 21.
Rd2 h5 22. h3 Ra6 23. Kg2 Ra8 24. g4 hxg4 25. hxg4 Ra6 26. g5 Ne8 27. d5 cxd5
28. cxd5 exd5 29. Rc8 Re7 30. Be2 Ra4 31. Bb5 Rae4 32. Rxd5 Kh7 33. Rxe8 Rxe8
34. Bxe8 Rxe8 35. Rb5 Re6 36. Bxb6 Re2 37. b4 Ra2 38. Ra5 Bb2 39. a4 Bc3 40.
Bc5 b6 41. Bxb6 Bxb4 42. Ra7 Bc3 43. Rxf7+ Kg8 44. Ra7 Bd2 45. a5 Rb2 46. Kf3
Rb5 47. Ke4 Bxg5 48. Bd4 Bh4 49. a6 Rb4 50. Ra8+ Kf7 51. Kd5 1-0

[Event "FRA-chT"]
[Site "FRA"]
[Date "1998.02.08"]
[Round "3"]
[White "Herb, Pascal"]
[Black "Roos, Louis"]
[Result "0-1"]
[WhiteElo "2345"]
[BlackElo "2360"]
[PlyCount "64"]
[EventDate "1998.02.06"]
[Source "ChesBase"]
[SourceDate "1998.07.07"]

1. e4 e6 2. d4 d5 3. Nc3 Bb4 4. e5 b6 5. Qg4 Bf8 6. Nh3 Ba6 7. Nf4 Bxf1 8. Rxf1
Nc6 9. Be3 Qd7 10. h4 O-O-O 11. O-O-O Na5 12. Kb1 Ne7 13. h5 h6 14. Qh3 Nc4 15.
Bc1 c5 16. dxc5 bxc5 17. Rfe1 Nc6 18. Nd3 Nb6 19. f4 c4 20. Nf2 Bb4 21. g4 d4
22. Nfe4 Kb8 23. a3 Ba5 24. Rf1 Bxc3 25. Nxc3 Qb7 26. Ne4 Na4 27. b3 Na5 28.
Nd6 Rxd6 29. exd6 Nc3+ 30. Kb2 Nxb3 31. Qh1 Na4+ 32. Ka2 Nxc1+ 0-1

[Event "FRA-chT"]
[Site "FRA"]
[Date "1998.02.08"]
[Round "3"]
[White "Lazarev, Vladimir"]
[Black "Dunnington, Angus J"]
[Result "1/2-1/2"]
[WhiteElo "2490"]
[BlackElo "2390"]
[PlyCount "43"]
[EventDate "1998.02.06"]
[Source "ChesBase"]
[SourceDate "1998.07.07"]

1. d4 Nf6 2. c4 c5 3. d5 b5 4. cxb5 a6 5. bxa6 g6 6. Nc3 Bxa6 7. g3 d6 8. Bg2
Bg7 9. Nf3 Nbd7 10. O-O Nb6 11. a3 O-O 12. Rb1 Nfd7 13. Re1 Nc4 14. Qc2 Qa5 15.
Na2 Rfb8 16. a4 Ncb6 17. Bd2 Qxa4 18. b3 Qa3 19. Bc1 Qa5 20. Bd2 Qa3 21. Bc1
Qa5 22. Bd2 1/2-1/2

[Event "FRA-chT"]
[Site "FRA"]
[Date "1998.02.08"]
[Round "3"]
[White "Levacic, Damir"]
[Black "Weill, Roland"]
[Result "1-0"]
[WhiteElo "2290"]
[BlackElo "2300"]
[PlyCount "72"]
[EventDate "1998.02.06"]
[Source "ChesBase"]
[SourceDate "1998.07.07"]

1. d4 Nf6 2. Nf3 g6 3. Bf4 Bg7 4. e3 O-O 5. Be2 c5 6. Nbd2 b6 7. O-O Bb7 8. c3
d6 9. h3 Nc6 10. Re1 Re8 11. Bh2 Qc7 12. a4 Rac8 13. Nc4 cxd4 14. exd4 Nd8 15.
Nfd2 Ne6 16. Bf3 Nd5 17. Qb3 Ng5 18. Bg4 f5 19. Be2 Kh8 20. h4 Nf7 21. Bf3 e6
22. a5 bxa5 23. Rxa5 a6 24. Rc5 Qd7 25. Rxc8 Rxc8 26. Nxd6 Nxd6 27. Bxd6 Qxd6
28. Qxb7 Rf8 29. Nc4 Qd8 30. Rxe6 Nf4 31. Re7 Re8 32. Rxe8+ Qxe8 33. Kf1 h5 34.
Qxa6 Kh7 35. Ne3 Qb8 36. g3 Nh3 1-0

[Event "FRA-chT"]
[Site "FRA"]
[Date "1998.02.08"]
[Round "3"]
[White "Mancini, Mario"]
[Black "Marciano, David"]
[Result "0-1"]
[WhiteElo "2320"]
[BlackElo "2485"]
[PlyCount "74"]
[EventDate "1998.02.06"]
[Source "ChesBase"]
[SourceDate "1998.07.07"]

1. d4 Nf6 2. c4 e6 3. Nc3 Bb4 4. e3 O-O 5. Bd3 d5 6. Nf3 c5 7. O-O cxd4 8. exd4
dxc4 9. Bxc4 a6 10. Bg5 b5 11. Bb3 Bb7 12. Qd3 Nbd7 13. Rfd1 Bxc3 14. bxc3 Qc7
15. Rac1 Be4 16. Qe2 Bd5 17. c4 bxc4 18. Bxc4 Qa5 19. Bxf6 Nxf6 20. Bxd5 Nxd5
21. Rc5 Qa4 22. Rdc1 Rab8 23. g3 Nb4 24. Ne5 Qxa2 25. Qf3 Rbd8 26. Qb7 Qd2 27.
Rc8 Nd3 28. Nxd3 Qxd3 29. Rxd8 Rxd8 30. Rc7 Qxd4 31. Qxa6 Qd1+ 32. Qf1 Qf3 33.
h4 g5 34. Qg2 Qd1+ 35. Kh2 Rd2 36. Rc3 e5 37. Qf3 Qf1 0-1

[Event "FRA-chT"]
[Site "FRA"]
[Date "1998.02.08"]
[Round "3"]
[White "Marcelin, Cyril"]
[Black "Ikonnikov, Vyacheslav"]
[Result "0-1"]
[WhiteElo "2375"]
[BlackElo "2550"]
[PlyCount "72"]
[EventDate "1998.02.06"]
[Source "ChesBase"]
[SourceDate "1998.07.07"]

1. e4 c5 2. Nf3 Nc6 3. c3 Nf6 4. e5 Nd5 5. d4 cxd4 6. Bc4 Nb6 7. Bb3 g6 8. cxd4
Bg7 9. Bf4 Na5 10. O-O O-O 11. Nc3 Nbc4 12. Rc1 d5 13. exd6 Nxd6 14. Re1 Bg4
15. h3 Bxf3 16. Qxf3 Nc6 17. d5 Nd4 18. Qd3 Rc8 19. Be5 Bxe5 20. Rxe5 N4b5 21.
Rce1 Nxc3 22. bxc3 Rc7 23. Qe2 Nc8 24. Re3 Qd6 25. h4 Qf6 26. Qd2 Qxh4 27. Rh3
Qf6 28. Re4 Nd6 29. Reh4 h5 30. Rxh5 gxh5 31. Rg3+ Kh8 32. Qe2 Qh6 33. Rh3 Qc1+
34. Kh2 Rg8 35. Qxh5+ Kg7 36. Re3 f6 0-1

[Event "FRA-chT"]
[Site "FRA"]
[Date "1998.02.08"]
[Round "3"]
[White "Maze, Sebastien"]
[Black "Noyce, Robert"]
[Result "1-0"]
[WhiteElo "2175"]
[BlackElo "2175"]
[PlyCount "75"]
[EventDate "1998.02.06"]
[Source "ChesBase"]
[SourceDate "1998.07.07"]

1. e4 d5 2. exd5 Nf6 3. Nf3 Nxd5 4. d4 Bg4 5. Be2 e6 6. O-O Nc6 7. h3 Bf5 8. c3
Bd6 9. Bd3 Bxd3 10. Qxd3 Nf4 11. Bxf4 Bxf4 12. Qe4 Bh6 13. Nbd2 O-O 14. Nb3 Qd5
15. Qxd5 exd5 16. g3 Rfe8 17. Rfe1 g6 18. Kg2 Bf8 19. Nh2 Bd6 20. Ng4 Kg7 21.
Ne3 Ne7 22. Re2 c6 23. Rae1 f5 24. Nc2 b6 25. Re6 Rad8 26. Nc1 Kf7 27. Nd3 Nc8
28. Rxe8 Rxe8 29. Rxe8 Kxe8 30. Kf3 Kf7 31. Ne3 Kf6 32. Ke2 Ne7 33. f4 h6 34.
Ne5 g5 35. Kf3 Bxe5 36. fxe5+ Ke6 37. h4 c5 38. Nc2 1-0

[Event "FRA-chT"]
[Site "FRA"]
[Date "1998.02.08"]
[Round "3"]
[White "Mensch, Etienne"]
[Black "Marzolo, Cyril"]
[Result "1/2-1/2"]
[WhiteElo "2225"]
[BlackElo "2355"]
[PlyCount "104"]
[EventDate "1998.02.06"]
[Source "ChesBase"]
[SourceDate "1998.07.07"]

1. d4 d5 2. Nf3 Nf6 3. e3 c6 4. Bd3 Bg4 5. Nbd2 Nbd7 6. h3 Bh5 7. c4 e5 8. g4
e4 9. gxh5 exd3 10. Qb3 Qc7 11. Qxd3 Nxh5 12. b3 g6 13. Bb2 Bg7 14. cxd5 cxd5
15. Qb5 Qc6 16. Qxc6 bxc6 17. Rc1 Rc8 18. Ba3 Bf8 19. Bxf8 Kxf8 20. Ke2 Ke7 21.
Ne1 c5 22. Nef3 Rhe8 23. Rhd1 h6 24. Kf1 Nhf6 25. Rc2 cxd4 26. Rxc8 Rxc8 27.
Nxd4 Ne5 28. Ke2 Nc6 29. Nxc6+ Rxc6 30. Kd3 Ne4 31. Nxe4 dxe4+ 32. Kxe4 Rc2 33.
f4 Rxa2 34. Rc1 Ra3 35. Rc7+ Kf6 36. Rc6+ Kg7 37. Rc7 Rxb3 38. Rxa7 Rb1 39. Kf3
h5 40. Rc7 Rg1 41. e4 h4 42. e5 Kf8 43. Rc8+ Ke7 44. Rc7+ Ke6 45. Rc6+ Kd7 46.
Rd6+ Ke7 47. Rd3 f6 48. exf6+ Kxf6 49. Ke4 Rg3 50. Rxg3 hxg3 51. Kf3 g5 52.
fxg5+ Kxg5 1/2-1/2